Histoire du drapeau de la Croatie - Statistiques

Statistiques générales
  • Ce quiz a été pris 92 fois
    15 depuis la dernière actualisation
  • Le résultat moyen est 5 sur 11
Statistiques - réponses
Hint Réponse % Correct
Croatie (drapeau actuel depuis 1991)
100%
Empire romain (-32 - 395)
92%
Empire Byzantin (395-626)
92%
Principauté de Dalmatie (626-925)
46%
État indépendant de Croatie (1941-1945)
38%
République socialiste de Croatie (1945-1991)
38%
Royaume de Croatie uni a la Hongrie (1102-1527)
38%
Premier drapeau du royaume de Croatie (925-1102)
31%
Deuxième drapeau du royaume de Croatie (1527-1868)
23%
Royaume de Croatie-Slavonie au sein de l'Autriche-Hongrie (1968-1918) et État des Slovènes, Croates et Serbes (1918)
23%
Royaume des Serbes, Croates et Slovènes (1918-1929) et Royaume de Yougoslavie (1929-1941)
15%
Aucun quiz correspondant
Distribution des résultats
% des personnes avec chaque résultat
Percentile par nombre de réponses
Votre historique - résultats
Vous n’avez pas pris ce quiz depuis la dernière actualisation